[Event "World op 35th"]
[Site "Philadelphia"]
[Date "2007.07.01"]
[Round "3"]
[White "Uesugi, Shinsaku"]
[Black "Melekhina, Alisa"]
[Result "1/2-1/2"]
[WhiteElo "2139"]
[BlackElo "2104"]
[PlyCount "84"]
[EventDate "2007.06.30"]
[EventType "swiss"]
[EventRounds "9"]
[EventCountry "USA"]
[SourceTitle "CBM 119 Extra"]
[Source "ChessBase"]
[SourceDate "2007.09.04"]
[SourceVersion "1"]
[SourceVersionDate "2007.09.04"]
[SourceQuality "1"]

1. e4 e5 2. Nf3 Nc6 3. Bc4 Nf6 4. d3 Bc5 5. c3 a6 6. a4 Ba7 7. 0-0 d6 8. h3 h6 9. Nbd2 0-0 10. Re1 Be6 11. b4 Qd7 12. Bxe6 fxe6 13. Nf1 Ne7 14. Ng3 Ng6 15. d4 exd4 16. cxd4 Rad8 17. Qc2 Qf7 18. Be3 Bb6 19. a5 Ba7 20. Rac1 c6 21. Kh2 Nd7 22. d5 Bxe3 23. dxe6 Qxe6 24. Rxe3 Nde5 25. Nd4 Qf7 26. Ndf5 Ne7 27. Nxe7+ Qxe7 28. Nf5 Qf6 29. Rg3 Rf7 30. Qc3 Kh7 31. Qe3 d5 32. Rd1 Re8 33. f3 Ng6 34. Qd4 Qxd4 35. Rxd4 Rf6 36. h4 dxe4 37. fxe4 Rf7 38. Rgd3 Ne5 39. Rd2 Re6 40. Kg3 g6 41. Nd6 Rc7 42. h5 Rg7 1/2-1/2

[Event "Foxwoods op 09th"]
[Site "Connecticut"]
[Date "2007.04.04"]
[Round "1"]
[White "Taylor, Timothy"]
[Black "Uesugi, Shinsaku"]
[Result "1-0"]
[WhiteElo "2328"]
[BlackElo "2141"]
[PlyCount "77"]
[EventDate "2007.04.04"]
[EventType "swiss"]
[EventRounds "9"]
[EventCountry "USA"]
[SourceTitle "CBM 117 Extra"]
[Source "ChessBase"]
[SourceDate "2007.05.09"]
[SourceVersion "1"]
[SourceVersionDate "2007.05.09"]
[SourceQuality "1"]

1. d4 Nf6 2. c4 g6 3. Nc3 d5 4. e3 Bg7 5. Qb3 dxc4 6. Bxc4 0-0 7. Nf3 c6 8. Ne5 e6 9. 0-0 b5 10. Be2 a6 11. a4 Bb7 12. Bf3 Nfd7 13. Nd3 Qc8 14. Bd2 e5 15. Ne4 exd4 16. exd4 Bxd4 17. Bh6 Bg7 18. Bxg7 Kxg7 19. Nd6 Qc7 20. Qxf7+ Rxf7 21. Ne8+ Kh6 22. Nxc7 Ra7 23. axb5 cxb5 24. Bxb7 Rxb7 25. Nxa6 Nxa6 26. Rxa6 Rc7 27. Rd6 Nc5 28. Ne5 Rf4 29. h3 Na4 30. b3 Nc3 31. Nd3 Rf5 32. Re1 Rd5 33. Rxd5 Nxd5 34. Re5 Rd7 35. Nc5 Rd8 36. Ne6 Rd6 37. g4 Nc7 38. Kh2 Rd3 39. g5+ 1-0

[Event "Washington Eastern op 33rd"]
[Site "Washington DC"]
[Date "2006.12.30"]
[Round "8"]
[White "Uesugi, Shinsaku"]
[Black "Samuelson, Andrew"]
[Result "1-0"]
[WhiteElo "2157"]
[BlackElo "2173"]
[PlyCount "91"]
[EventDate "2006.12.27"]
[EventType "swiss"]
[EventRounds "8"]
[EventCountry "USA"]
[SourceTitle "CBM 115 Extra"]
[Source "ChessBase"]
[SourceDate "2007.01.10"]
[SourceVersion "1"]
[SourceVersionDate "2007.01.10"]
[SourceQuality "1"]

1. e4 c5 2. Nf3 d6 3. d4 cxd4 4. Nxd4 Nf6 5. Nc3 a6 6. Be2 e5 7. Nb3 Be7 8. Be3 Be6 9. 0-0 0-0 10. Kh1 Qc7 11. f4 Nbd7 12. h3 b5 13. a3 Nb6 14. fxe5 dxe5 15. Nd2 Rac8 16. Qe1 Nc4 17. Nxc4 Bxc4 18. Bd3 Rfd8 19. Qe2 Qc6 20. Bg5 Rd4 21. Bxf6 Bxf6 22. Qg4 Qe6 23. Qf3 Bg5 24. Rad1 h6 25. Ne2 Rdd8 26. Nc3 Be7 27. Bxc4 Rxc4 28. Nd5 f6 29. Qf5 Kf7 30. Qh5+ Kf8 31. Qe2 Rdc8 32. c3 R4c6 33. Qe3 Bc5 34. Qg3 a5 35. Rf5 b4 36. axb4 axb4 37. Rdf1 bxc3 38. bxc3 Re8 39. Qg6 Qf7 40. Qh7 Ra8 41. Rxe5 Bd6 42. Nxf6 Bxe5 43. Nd7+ Ke8 44. Qh8+ Kxd7 45. Rxf7+ Ke6 46. Qxa8 1-0

[Event "Foxwoods op 08th"]
[Site "Ledyard"]
[Date "2006.04.14"]
[Round "4"]
[White "Moncayo Romero, Evelyn"]
[Black "Uesugi, Shinsaku"]
[Result "1/2-1/2"]
[WhiteElo "2261"]
[BlackElo "2063"]
[PlyCount "73"]
[EventDate "2006.04.12"]
[EventType "swiss"]
[EventRounds "9"]
[EventCountry "USA"]
[SourceTitle "CBM 111 Extra"]
[Source "ChessBase"]
[SourceDate "2006.05.09"]
[SourceVersion "1"]
[SourceVersionDate "2006.05.09"]
[SourceQuality "1"]

1. e4 c5 2. Nf3 Nc6 3. d4 cxd4 4. Nxd4 Nf6 5. Nc3 e5 6. Ndb5 d6 7. Nd5 Nxd5 8. exd5 Nb8 9. c4 Nd7 10. Be3 a6 11. Qa4 Rb8 12. Nc3 Be7 13. b4 0-0 14. Be2 f5 15. f3 Bf6 16. Qc2 a5 17. a3 Bg5 18. Bf2 b6 19. 0-0 Ba6 20. Rfd1 Qc7 21. Bd3 g6 22. Qb3 Bf6 23. Rac1 Rfc8 24. Ne2 Bg5 25. Rc3 Bf6 26. c5 Bxd3 27. cxd6 Qxd6 28. Rxc8+ Rxc8 29. Rxd3 axb4 30. axb4 Ra8 31. Rd1 Be7 32. Be1 Nf6 33. Bc3 Kf8 34. f4 exf4 35. Nd4 Ne4 36. Ne6+ Kf7 37. Nc7 1/2-1/2

[Event "Wch U20"]
[Site "Istanbul"]
[Date "2005.11.21"]
[Round "12"]
[White "Uesugi, Shinsaku"]
[Black "Laval, Brice"]
[Result "1-0"]
[WhiteElo "2040"]
[BlackElo "2214"]
[PlyCount "57"]
[EventDate "2005.11.09"]
[EventType "swiss"]
[EventRounds "13"]
[EventCountry "TUR"]
[SourceTitle "CBM 109 Extra"]
[Source "ChessBase"]
[SourceDate "2006.01.03"]
[SourceVersion "2"]
[SourceVersionDate "2006.01.03"]
[SourceQuality "1"]

1. e4 g6 2. d4 Bg7 3. Nc3 c6 4. Be3 d6 5. Qd2 b5 6. a3 a6 7. Nf3 Nd7 8. Be2 Bb7 9. 0-0 Rc8 10. Bd3 c5 11. Rfe1 cxd4 12. Nxd4 Ngf6 13. Bh6 0-0 14. Bxg7 Kxg7 15. Kh1 Qb6 16. Nf3 e5 17. h3 Rfe8 18. Rad1 Nc5 19. Qe3 Rcd8 20. Nh4 h6 21. Qg3 Kh7 22. Qf3 Kg7 23. Qg3 Kh7 24. Qf3 Kg7 25. Qg3 Bc8 26. Qf3 Ne6 27. Qxf6+ Kxf6 28. Nd5+ Kg5 29. Nf3+ 1-0

[Event "Wch U20"]
[Site "Istanbul"]
[Date "2005.11.09"]
[Round "1"]
[White "Uesugi, Shinsaku"]
[Black "Karakehajov, Kalin"]
[Result "0-1"]
[WhiteElo "2040"]
[BlackElo "2396"]
[PlyCount "46"]
[EventDate "2005.11.09"]
[EventType "swiss"]
[EventRounds "13"]
[EventCountry "TUR"]
[SourceTitle "CBM 109 Extra"]
[Source "ChessBase"]
[SourceDate "2006.01.03"]
[SourceVersion "2"]
[SourceVersionDate "2006.01.03"]
[SourceQuality "1"]

1. e4 e5 2. Nf3 Nc6 3. Bc4 Bc5 4. 0-0 Nf6 5. d3 d6 6. Be3 Bb6 7. h3 0-0 8. Nc3 Be6 9. Bb3 h6 10. d4 exd4 11. Nxd4 Nxd4 12. Bxd4 Re8 13. Qd3 Nd7 14. Bxb6 axb6 15. f4 Ra5 16. f5 Bxb3 17. axb3 Rae5 18. b4 Nf6 19. Rf4 Qe7 20. Ra7 d5 21. exd5 Re3 22. Qd4 Re1+ 23. Kf2 Rf1+ 0-1